000 00501nam a22001577a 4500
999 _c9196
_d9196
008 210329b ||||| |||| 00| 0 eng d
040 _aBMS College of Architecture
100 _aT, Vardhan, Harsha
245 _aMixed -Use development at Vittal Mallya road bangaore
300 _a47p.
500 _a1BM03AT009
502 _8B.arch
_NBMS College of Architecture, Visvesvaraya Technological University
_aProject report
_d2007
650 _aBanglore
700 _aSatish Rao
_eGuide
942 _2ddc
_cTHE